| 000 | 00693cab a2200181 4500 | ||
|---|---|---|---|
| 001 | ##L133410 | ||
| 008 | 060508n2006 000 0 eng u | ||
| 035 | _a(Sirsi) u133410 | ||
| 041 | 0 | _aeng | |
| 100 | 1 | _aMayer, Peter | |
| 245 | 0 | 0 |
_aSpecifier _bcosts |
| 260 | _c2006 | ||
| 490 | 0 |
_aBuilding _v271(8429) 5 May 2006, 77(1) |
|
| 520 | _aDiscusses specifications and whole-life cost benefits of entrance flooring systems, designed to reduce risk of slipping and increase the life-span and reduce cleaning requirements of interior flooring. | ||
| 590 | _aIKA090506 | ||
| 690 | _aBUILT ENVIRONMENT-BUILDING ELEMENTS-PARTS OF BUILDING ELEMENTS-INTERNAL FINISHES-FLOOR FINISHES | ||
| 942 | _n0 | ||
| 999 |
_c76989 _d76989 |
||